| 000 | 02138cam a22005054i 4500 | ||
|---|---|---|---|
| 003 | PE-LiUPU | ||
| 005 | 20250731172745.0 | ||
| 008 | 150617s r 000 0 d | ||
| 035 | _a(Sirsi) a12238 | ||
| 040 |
_aPE-LiUPU _bspa _cPE-LiUPU _erda |
||
| 049 | _aPRUA | ||
| 082 | 0 | 4 |
_a226.1 _bB38 _221 |
| 100 | 1 |
_aBenoit, Pierre, _d1906- , _eautor. |
|
| 245 | 1 | 0 |
_aSinópsis de los Cuatro Evangelios con Paralelos de los Apócrifos y de los Padres / _cP. Benoit, M.-E Boismard, J. L. Malillos. |
| 264 | 1 |
_aBilbao : _bDesclée De Brouwer, _c1975. |
|
| 300 |
_a374 páginas ; _c27 cm. |
||
| 336 |
_atext _2rdacontent |
||
| 337 |
_aunmediated _2rdamedia |
||
| 338 |
_avolume _2rdacarrier |
||
| 505 | 0 | _aInfancia de Jesús -- Ministerio en Galilea -- Discurso inaugural -- Discurso de misión según Mateo -- Discurso en parábolas -- Subida de Galilea a Jerusalém según Lucas -- Ministerio en Judea -- Discurso escatológico -- Pasión y resurrección. | |
| 526 | _aSEG42 | ||
| 526 | _aSEG41 | ||
| 526 | _aSEG40 | ||
| 526 | _aSEG39 | ||
| 526 | _aP94 | ||
| 526 | _aP87 | ||
| 526 | _aP86 | ||
| 526 | _aP85 | ||
| 526 | _aP77 | ||
| 526 | _aP76 | ||
| 526 | _aP35 | ||
| 630 |
_aBiblia _pN.T. _pEvangelios _xConcordancias. |
||
| 700 | 1 |
_aBoismard, M.-E., _eautor. |
|
| 700 | 1 |
_aMalillos, J. L., _eautor. |
|
| 910 |
_ajck _bjvq _cjck _d20150616 |
||
| 942 |
_2ddc _cBOOK |
||
| 949 |
_a226.1 B38 _wDEWEY _c1 _i16398 _lCCODEBUL1 _mBUL _p00.00 _r0 _sY _tBOOK _u19760618 _xTEOLOGIA _PP35 _0COMPRA _o.STAFF. Colección general |
||
| 949 |
_a226.1 B38 _wDEWEY _c2 _i14555 _lCCODEBUL1 _mBUL _p00.00 _r0 _sY _tBOOK _u19760618 _xTEOLOGIA _PP35 _0COMPRA _o.STAFF. Colección general |
||
| 994 |
_aC0 _bPEPRU |
||
| 596 | _a1 | ||
| 999 |
_a226.1 B38 _wDEWEY _c2474 _i16398 _f2021-11-9 _g5 _lCCODEBUL1 _mBUL _r0 _sY _tBOOK _u2015-6-17 _xTEOLOGIA _PP35 _0COMPRA _o.STAFF. Colección general _d2474 |
||
| 999 |
_a226.1 B38 _wDEWEY _c2 _i14555 _f2021-11-9 _g5 _lCCODEBUL1 _mBUL _r0 _sY _tBOOK _u2015-6-17 _xTEOLOGIA _PP35 _0COMPRA _o.STAFF. Colección general |
||
| 980 |
_81 _gALBERTO SANCHEZ Responsable de Automatización |
||